| 000 | 00462nam a22001697a 4500 | ||
|---|---|---|---|
| 005 | 20250919142015.0 | ||
| 008 | 250919b |||||||| |||| 00| 0 eng d | ||
| 040 | _aMAIN | ||
| 082 |
_a580 _bK968R |
||
| 100 | _aKusum Kumari | ||
| 245 | _aResponse of zea mays L. to the presence of silica/metal nanocomposites | ||
| 260 |
_bDepartment of Botany, M D University, Rohtak _c2024 |
||
| 300 | _a123 | ||
| 650 | _aBotany | ||
| 700 | _aHooda, Vinita | ||
| 942 | _cTH | ||
| 999 |
_c393527 _d393527 |
||